000 01140nam a2200217Ia 4500
999 _c5085
_d5085
003 OSt
005 20200519172621.0
008 191128s2008 ck abd gr 000 0 spa d
040 _aCO-JMCR
_cCO-JMCR
041 0 _aspa
082 0 4 _a318.61 /
_bD262c
_223
110 1 _aDepartamento Administrativo Nacional de Estadística
_94535
245 1 0 _aCenso general 2005 : nivel nacional /
_cDepartamento Administrativo Nacional de Estadística
260 _aBogotá :
_bDepartamento Administrativo Nacional de Estadística DANE
_c2008
300 _a465 páginas :
_bmapas, tablas, gráficos ;
_c27 cm,
_e+1 CD-rom.
505 _aAspectos metodológicos -- Ejecución del censo general 2005 --Entregas de información y población ajustada -- Resultados del censo
520 _aEl Dane se complace en presentar a los colombianos el resumen nacional con los resultados del Censo General 2005. De acuerdo con la tradición del país, este censo corresponde al XVII censo nacional de población y VI de vivienda.
650 1 4 _aCensos
_y2005
_zColombia
_94536
650 2 4 _aPoblación
_xColombia Estadísticas
_y2005
_zColombia
_94537
942 _2ddc
_cBK